Delirium's mistress : a novel of the flat earth /
| Main Author: | |
|---|---|
| Format: | Book |
| Language: | English |
| Published: |
New York :
DAW Books,
1986.
|
| Series: | Lee, Tanith. Tales from the Flat Earth ;
book four. DAW book collectors ; no. 674. DAW fantasy. |
MARC
| Tag | First Indicator | Second Indicator | Subfields |
|---|---|---|---|
| LEADER | 00000cam a2200000 a 4500 | ||
| 001 | in00000032327 | ||
| 005 | 20151007060458.0 | ||
| 008 | 860708s1986 nyu 00011 eng d | ||
| 020 | |a 0886771358 (pbk.) | ||
| 035 | |a (OCoLC)13831402 | ||
| 035 | |9 AAC0948AM | ||
| 040 | |a OWR |c OWR |d TXA |d UtOrBLW | ||
| 049 | |a TXAS |c [A09894128] | ||
| 050 | 4 | |a PR6062.E4163 |b D45 1986 | |
| 100 | 1 | |a Lee, Tanith. | |
| 245 | 1 | 0 | |a Delirium's mistress : |b a novel of the flat earth / |c Tanith Lee. |
| 264 | 1 | |a New York : |b DAW Books, |c 1986. | |
| 300 | |a 416 pages ; |c 18 cm. | ||
| 336 | |a text |b txt |2 rdacontent | ||
| 337 | |a unmediated |b n |2 rdamedia | ||
| 338 | |a volume |b nc |2 rdacarrier | ||
| 490 | 1 | |a DAW collectors book ; |v no. 674 | |
| 490 | 1 | |a DAW fantasy | |
| 490 | 1 | |a Tales from the flat earth ; |v book four | |
| 800 | 1 | |a Lee, Tanith. |t Tales from the Flat Earth ; |v book four. | |
| 830 | 0 | |a DAW book collectors ; |v no. 674. | |
| 830 | 0 | |a DAW fantasy. | |
| 999 | |a MARS | ||
| 999 | f | f | |s a1cf0cd1-a54a-3ed8-b7fb-ec7878b0a8dc |i ebd41d4f-edff-374c-875b-bb4506ce4b7f |t 0 |
| 952 | f | f | |p noncirc |a Texas A&M University |b College Station |c Cushing Memorial Library & Archives |d Cushing: Science Fiction (Does not check out) |t 0 |e PR6062.E4163 D45 1986 |h Library of Congress classification |i unmediated -- volume |m A14809894128 |
| 998 | f | f | |a PR6062.E4163 D45 1986 |t 0 |l Cushing: Science Fiction (Does not check out) |